[Event "ch-Euro Indiv Women"]
[Site "Tbilisi GEO"]
[Date "2011.05.17"]
[Round "10"]
[White "Jalaghonia,Nino"]
[Black "Skrabakova,Katarina"]
[Result "1-0"]
[WhiteElo "1562"]
[BlackElo "2071"]

1.e4 e6 2.d4 d5 3.Nd2 Be7 4.c3 Nf6 5.e5 Nfd7 6.Bd3 c5 7.Ne2 b6 8.Nf3 Ba6
9.Bc2 Nc6 10.O-O Rc8 11.a3 Qc7 12.Bb1 Na5 13.Bf4 Bc4 14.Bd3 Bb3 15.Qc1 c4
16.Bc2 b5 17.Ng3 Bxc2 18.Qxc2 Nb3 19.Rab1 a5 20.Nh5 Bf8 21.Bg3 b4 22.axb4 axb4
23.Nh4 g6 24.Nf6+ Nxf6 25.exf6 Bd6 26.Rbe1 Bf4 27.Nf3 bxc3 28.bxc3 Ra8 29.Ne5 Bxg3
30.fxg3 Qa7 31.Qf2 Qa3 32.Qf4 Qd6 33.Nxg6 Qxf4 34.Nxf4 Kd7 35.Rf2 Ra5 36.g4 Rha8
37.h4 Ra2 38.g5 Rxf2 39.Kxf2 Nd2 40.Re3 Ne4+ 41.Kf3 Rg8 42.Nh3 h6 43.Kf4 hxg5+
44.hxg5 Kd6 45.Rf3 Kd7 46.Nf2 Nd6 47.Ng4 Rh8 48.Ne5+ Ke8 49.Rh3 Rxh3 50.gxh3 Ne4
51.h4 Nxc3 52.h5 Kf8 53.h6 Kg8 54.g6  1-0

[Event "ch-KAZ 2011"]
[Site "Astana KAZ"]
[Date "2011.05.18"]
[Round "4"]
[White "Ospanov,N"]
[Black "Temirbayev,S"]
[Result "1/2-1/2"]
[WhiteElo "2250"]
[BlackElo "2407"]

1.e4 e6 2.d4 d5 3.Nd2 a6 4.Ngf3 c5 5.exd5 exd5 6.Be2 c4 7.O-O Bd6 8.a4 Ne7
9.Re1 O-O 10.b3 cxb3 11.c4 Nbc6 12.c5 Bc7 13.Nxb3 Bf5 14.Nh4 Be4 15.Nf3 Re8
16.Bg5  1/2-1/2

[Event "ch-Moscow KO"]
[Site "Moscow RUS"]
[Date "2011.05.18"]
[Round "1.3"]
[White "Dvalishvili,P"]
[Black "Rychagov,A"]
[Result "1-0"]
[WhiteElo "2399"]
[BlackElo "2564"]

1.e4 e6 2.d4 d5 3.Nd2 Be7 4.Ngf3 Nf6 5.e5 Nfd7 6.Bd3 c5 7.c3 Nc6 8.O-O g5
9.dxc5 g4 10.Nd4 Ndxe5 11.N2b3 Bd7 12.Re1 h5 13.Bf4 Nxd3 14.Qxd3 Nxd4 15.cxd4 Bc6
16.Nd2 Qd7 17.b4 Bb5 18.Qb3 Ba4 19.Qe3 Rg8 20.Nb1 h4 21.Nc3 a6 22.Qe5 Bc2
23.a4 Bf5 24.b5 f6 25.Qe2 Kf7 26.Rac1 axb5 27.axb5 Rgc8 28.Nd1 Ra5 29.Ne3 Rxb5
30.Nxg4 Be4 31.Nh6+ Kf8 32.Qg4 Bh7 33.Rxe6 f5 34.Qe2 Rc6 35.Rxe7 Qxe7 36.Qxb5  1-0

[Event "ch-Moscow KO"]
[Site "Moscow RUS"]
[Date "2011.05.18"]
[Round "1.2"]
[White "Dvalishvili,P"]
[Black "Rychagov,A"]
[Result "1/2-1/2"]
[WhiteElo "2399"]
[BlackElo "2564"]

1.e4 e6 2.d4 d5 3.Nd2 Be7 4.Ngf3 Nf6 5.exd5 exd5 6.Bd3 Bg4 7.O-O O-O 8.Re1 c5
9.dxc5 Bxc5 10.Nb3 Bb6 11.Be3 Nc6 12.h3 Bh5 13.g4 Bg6 14.Bxg6 hxg6 15.Qd3 Re8
16.c3 Ne4 17.Kg2 Bxe3 18.Qxe3 Qf6 19.Rad1 Rad8 20.Nc5 b6 21.Nxe4 dxe4 22.Nd4 Nxd4
23.Rxd4 Rxd4 24.Qxd4 Qe6 25.Rd1 Qxa2 26.Qd7 Qe6 27.Qxe6 Rxe6 28.Rd8+ Kh7
29.Rd7 f5 30.Rxa7 Rd6 31.Rb7 Kh6 32.Kf1 fxg4  1/2-1/2

[Event "ch-KAZ 2011"]
[Site "Astana KAZ"]
[Date "2011.05.19"]
[Round "5"]
[White "Erzhanov,A"]
[Black "Aitbayev,A"]
[Result "1/2-1/2"]
[WhiteElo "2301"]
[BlackElo "2355"]

1.e4 e6 2.d4 d5 3.Nd2 Be7 4.Bd3 c5 5.dxc5 Nf6 6.Qe2 O-O 7.Ngf3 a5 8.a4 Na6
9.e5 Nd7 10.Nb3 Naxc5 11.Nxc5 Nxc5 12.Bb5 Bd7 13.Nd4 Qc7 14.O-O Rfc8 15.Kh1 Bxb5
16.Nxb5 Qd7 17.Be3 Na6 18.f4 Rc4 19.b3 Rb4 20.c3 Re4 21.Qf2 Nc7 22.Nd4 Bc5
23.Rfe1 b5 24.axb5 Nxb5 25.Qd2 h5 26.Ra4 Nxd4 27.Bxd4 Rxe1+ 28.Qxe1 Bxd4
29.cxd4 Qb5 30.Qd1 Rc8 31.h3 Rc3 32.Kh2 Qxb3 33.Qxb3 Rxb3 34.Rxa5 Rb4 35.f5 Rxd4
36.Ra8+ Kh7 37.fxe6 fxe6 38.Re8 Kg6 39.Rxe6+ Kf5 40.Rd6 h4 41.e6 Kf6 42.Rd7 Kxe6
43.Rxg7 Re4 44.g3 Re2+ 45.Kg1 hxg3 46.Rxg3 d4 47.Kf1 Rh2 48.Rg5 d3 49.Ke1 d2+
50.Kd1 Rxh3 51.Kxd2  1/2-1/2

[Event "TCh-UKR Clubs 2011"]
[Site "Alushta UKR"]
[Date "2011.05.20"]
[Round "8.3"]
[White "Strelnikov,S"]
[Black "Nesteretz,A"]
[Result "1/2-1/2"]
[WhiteElo "2425"]
[BlackElo "2418"]

1.e4 e6 2.d4 d5 3.Nd2 Nc6 4.Ngf3 Nf6 5.e5 Nd7 6.Bb5 a6 7.Bxc6 bxc6 8.c4 Be7
9.O-O O-O 10.Qc2 a5 11.a4 c5 12.cxd5 exd5 13.Re1 Ra6 14.Nf1 cxd4 15.Nxd4 c5
16.Nf5 Re6 17.Bf4 Re8 18.Qd2 d4 19.N1g3 Bf8 20.Nd6 Bxd6 21.exd6 Ne5 22.Bxe5 Rxe5
23.Rxe5 Rxe5 24.Re1 Rxe1+ 25.Qxe1 Qxd6 26.Qxa5 f5 27.Nf1 Ba6 28.Nd2 h6 29.h3 Bb7
30.Qb5 Qd5 31.Qe8+ Kh7 32.Nf3 Bc6 33.Qe2 Bxa4 34.h4 Bc6 35.Qe5 Qxe5 36.Nxe5 Bb5
37.f4 g6 38.Kf2 Kg7 39.g3 Kf6 40.Nf3 Bc6 41.Ne5 Bb5 42.Ke1 g5 43.hxg5+ hxg5
44.Nf3 g4 45.Nd2 c4 46.Nb1 Ba6 47.Na3 c3 48.bxc3 dxc3 49.Nc2 Bd3 50.Nb4 Be4
51.Na2  1/2-1/2

[Event "4th Calgary Classic Int"]
[Site "Calgary CAN"]
[Date "2011.05.20"]
[Round "3"]
[White "Langer,M USA"]
[Black "Neven,K"]
[Result "1/2-1/2"]
[WhiteElo "2267"]
[BlackElo "2155"]

1.e4 e6 2.d4 d5 3.Nd2 a6 4.Ngf3 Nf6 5.Bd3 c5 6.c4 dxe4 7.Nxe4 cxd4 8.Nxf6+ gxf6
9.O-O Nc6 10.Be4 Bc5 11.Bh6 Bd7 12.b4 Bxb4 13.Rb1 Bc5 14.Rxb7 Rb8 15.Qb1 Rxb7
16.Qxb7 Na5 17.Qxa6 f5 18.Bd3 Nc6 19.Qb5 Be7 20.Ne5 Nxe5 21.Qxe5 Bf6 22.Qd6 Qe7
23.Qb8+ Qd8 24.Qd6 Qe7 25.Qb8+ Qd8 26.Rb1 Qxb8 27.Rxb8+ Ke7 28.Rb7 Ra8 29.c5 Kd8
30.Bf8 Kc8 31.Rb2 e5 32.f3 Be6 33.Bd6 e4 34.fxe4 fxe4 35.Bxe4 d3 36.Rf2 Ra4
37.Bc6 Ra6 38.Rxf6 Rxc6 39.Rf2 Ra6 40.Rd2 Bc4 41.Kf2 Rxa2 42.Rxa2 Bxa2 43.Ke3 Bc4
44.Bf4 Kd7 45.Kd4 Bb5 46.Ke5 Kc6 47.Be3 Bc4 48.Kf6 d2 49.Bxd2 Kxc5 50.Bh6 Kd4
51.Kg7 Bd3 52.Kxf7 Ke5 53.Kg7 Kd5 54.g4 Ke6 55.h4 Kd5 56.Bd2 Ke6 57.g5 Kd5
58.h5 Ke6 59.g6 Bxg6 60.hxg6  1/2-1/2

[Event "46th Capablanca Memorial Open A"]
[Site "Havana CUB"]
[Date "2011.05.20"]
[Round "9.44"]
[White "Miranda Rodriguez,T"]
[Black "Arribas Robaina,M"]
[Result "1-0"]
[WhiteElo "2167"]
[BlackElo "2300"]

1.e4 e6 2.d4 d5 3.Nd2 Be7 4.Bd3 Nf6 5.e5 Nfd7 6.Ne2 c5 7.c3 Nc6 8.f4 f5 9.Nf3 Qb6
10.Bb1 a5 11.Kf1 a4 12.h3 Nf8 13.g4 g6 14.Bc2 Qa6 15.Kf2 Bd7 16.Be3 a3 17.b3 cxd4
18.Nexd4 Nxd4 19.Nxd4 Rc8 20.Bd3 Qa5 21.c4 dxc4 22.Bxc4 b5 23.Bd3 Kf7 24.Rc1 Rd8
25.Qe2 b4 26.Bc4 Kg7 27.Rhg1 fxg4 28.hxg4 Bc5 29.Rcd1 Be8 30.Nxe6+ Nxe6 31.Bxe6 Rxd1
32.Rxd1 Rf8 33.f5 Qc7 34.Rc1 Bxe3+ 35.Qxe3 Qd8 36.f6+ Kh8 37.Rc4 Qd1 38.Qh6  1-0

[Event "ch-KAZ 2011"]
[Site "Astana KAZ"]
[Date "2011.05.21"]
[Round "7"]
[White "Davletbayeva,M"]
[Black "Aitbayev,A"]
[Result "0-1"]
[WhiteElo "2234"]
[BlackElo "2355"]

1.e4 e6 2.d4 d5 3.Nd2 Be7 4.Bd3 c5 5.dxc5 Nf6 6.Qe2 O-O 7.Ngf3 a5 8.h4 h6
9.e5 Nfd7 10.c3 Nxc5 11.Bc2 b6 12.g4 Ba6 13.Qe3 Nc6 14.Nf1 d4 15.Nxd4 Qd5
16.Nf3 Nxe5 17.Qxe5 Qxf3 18.Ng3 Rad8 19.Rg1 Rd1+  0-1

[Event "Trophee Roza Lallemand"]
[Site "Chalons en Champagne FRA"]
[Date "2011.05.21"]
[Round "2.1"]
[White "Richard,E"]
[Black "Leconte,M"]
[Result "0-1"]
[WhiteElo "2073"]
[BlackElo "2321"]

1.e4 e6 2.d4 d5 3.Nd2 Nc6 4.c3 e5 5.exd5 Qxd5 6.Ngf3 exd4 7.Bc4 Qh5 8.cxd4 Be6
9.Bxe6 fxe6 10.O-O O-O-O 11.Ne4 Nf6 12.Ng3 Qg6 13.Qe2 Nd5 14.a3 Bd6 15.b4 Rhf8
16.b5 Nb8 17.Ng5 Rde8 18.N5e4 Nd7 19.Nxd6+ cxd6 20.Ne4 e5 21.Bd2 Kb8 22.dxe5 Rxe5
23.f3 Nc5 24.Rfe1 Nb3 25.Rad1 Nd4 26.Qc4 Nxf3+ 27.Kh1 Nxe1 28.Rxe1 Rxe4  0-1

[Event "ch-UZB Major"]
[Site "Tashkent UZB"]
[Date "2011.05.21"]
[Round "1"]
[White "Artemenko,O"]
[Black "Kvon,A"]
[Result "1/2-1/2"]
[WhiteElo "2297"]
[BlackElo "2459"]

1.e4 e6 2.d4 d5 3.Nd2 Be7 4.Bd3 c5 5.dxc5 Nf6 6.Qe2 Nc6 7.Ngf3 Qc7 8.O-O O-O
9.a3 Bxc5 10.e5 Ng4 11.b4 Bb6 12.Bb2 f6 13.exf6 gxf6 14.h3 Nge5 15.c4 Nxd3
16.Qxd3 Qd8 17.Rad1 Ne7 18.Nh4 Bc7 19.Qf3 Qd6 20.g3 e5 21.cxd5 Qxd5 22.Ne4 Qf7
23.Rc1 Bb8 24.Rfd1 Be6 25.Nc5 Bd5 26.Qg4+ Kh8 27.Qd7 Bc6 28.Qe6 Kg8 29.Nf5 Nxf5
30.Qxf5 Qg6 31.Qe6+ Qf7 32.Qf5 Qg6 33.Qe6+ Qf7  1/2-1/2

[Event "Serbian Cup 2011"]
[Site "Valjevo SRB"]
[Date "2011.05.21"]
[Round "6.9"]
[White "Sokic,D"]
[Black "Mladenovic,Sa"]
[Result "0-1"]
[WhiteElo "1961"]
[BlackElo "2150"]

1.e4 e6 2.d4 d5 3.Nd2 Nc6 4.Ngf3 Nf6 5.e5 Nd7 6.c3 f6 7.exf6 Qxf6 8.Nb3 Bd6
9.Bg5 Qf7 10.Bb5 O-O 11.O-O e5 12.Bxc6 bxc6 13.dxe5 Nxe5 14.Nxe5 Bxe5 15.Bh4 Bd7
16.Bg3 Bxg3 17.hxg3 Rae8 18.Nc5 Re5 19.Qd4 Rh5 20.Nxd7 Qxd7 21.Qxa7 Qe6 22.Qe3 Re5
23.Qd4 Re8 24.a4 Rh5 25.Qf4 g5 26.Qd2 Qh6 27.f3 Rh1+ 28.Kf2 Rh2 29.a5 g4
30.Qxh6 Rxh6 31.fxg4 Rf6+ 32.Kg1 Rfe6 33.a6 Ra8 34.a7 Kg7 35.Rf4 c5 36.Ra5 c6
37.Rfa4 c4 38.Rb4 Re7 39.Ra6 Rc7 40.Rba4 Kf6 41.Kf2 Ke5 42.Kf3 Rf7+ 43.Ke3 Rc7
44.R6a5 Kd6 45.g5 Rb7 46.Ra2 Re7+ 47.Kf4 Re4+  0-1

[Event "ch-KAZ 2011"]
[Site "Astana KAZ"]
[Date "2011.05.23"]
[Round "8"]
[White "Kazhgaleyev,M"]
[Black "Ospanov,N"]
[Result "1/2-1/2"]
[WhiteElo "2618"]
[BlackElo "2250"]

1.e4 e6 2.d4 d5 3.Nd2 Be7 4.Ngf3 Nf6 5.e5 Nfd7 6.Bd3 c5 7.c3 Nc6 8.O-O Qb6
9.a3 cxd4 10.cxd4 Nxd4 11.Nxd4 Qxd4 12.Nf3 Qb6 13.b4 O-O 14.Qc2 h6 15.Re1 Re8
16.Bf4 a5 17.Rab1 axb4 18.axb4 Nf8 19.Be3 Qd8 20.Qc1 Bd7 21.h4 Ra2 22.Bxh6 gxh6
23.Qxh6 f5 24.g4 f4 25.Qxf4 Bxh4 26.Re2 Rxe2 27.Bxe2 Kg7 28.Kg2 Ng6 29.Qe3 Be7
30.Bd3 Nh4+ 31.Nxh4 Bxh4 32.f4 d4 33.Qf3 Bc6 34.Be4 Rf8 35.Rh1 Bg5 36.Bxc6 bxc6
37.Qe4 Bh4 38.g5 Rh8 39.Qxc6 d3 40.Qb7+ Kg6 41.Qe4+ Kf7 42.Rd1 d2 43.Qb7+ Kf8
44.g6 Be7 45.Qe4 Kg7 46.Kf3 Bxb4 47.Qb7+ Qe7 48.Qxe7+ Bxe7 49.Rxd2 Kxg6 50.Rd7 Bf8
51.Rd8 Bg7 52.Rd6 Kf7 53.Rd7+ Kg8 54.Ke4 Bf8 55.Rb7 Rh1 56.Rc7 Re1+ 57.Kf3 Rf1+
58.Kg4 Bh6 59.Re7 Rg1+ 60.Kf3 Rg6 61.Ra7 Bf8 62.Ra6 Kf7 63.Ra7+ Be7 64.Rb7 Rg7
65.Ke4 Rg3 66.Ra7 Rb3 67.Rc7 Ke8 68.Rc4 Rb1 69.Ra4 Bd8 70.Kf3 Kd7 71.Rd4+ Ke7
72.Rd6 Rb4 73.f5 exf5 74.Rf6 Bc7 75.Rxf5 Ke6 76.Rf8 Bxe5 77.Re8+ Kd5 78.Rd8+ Bd6
79.Ke3 Rb3+ 80.Ke2 Ke5 81.Re8+ Kf4 82.Re6 Be5 83.Re7 Ke4 84.Re8 Rb2+ 85.Ke1 Kf4
86.Kd1 Bd4 87.Re2 Rb3 88.Kc2 Rc3+ 89.Kd2 Ra3 90.Re8 Be3+ 91.Ke2 Bd4 92.Kd2 Be5
93.Ke2 Re3+ 94.Kf2 Rh3 95.Ke2 Ke4 96.Re7 Rh2+ 97.Ke1  1/2-1/2

[Event "4th Calgary Classic Int"]
[Site "Calgary CAN"]
[Date "2011.05.23"]
[Round "8"]
[White "Hansen,Eric"]
[Black "Neven,K"]
[Result "1-0"]
[WhiteElo "2425"]
[BlackElo "2155"]

1.e4 e6 2.d4 d5 3.Nd2 a6 4.Ngf3 Nf6 5.Bd3 c5 6.dxc5 Bxc5 7.O-O dxe4 8.Nxe4 Nxe4
9.Bxe4 Qxd1 10.Rxd1 Nd7 11.Nd4 Nf6 12.Bf3 O-O 13.Bf4 Re8 14.Nb3 Bb6 15.Be5 Nd7
16.Bd6 Nb8 17.c4 Nc6 18.c5 Bd8 19.Nd2 Nd4 20.Be4 f5 21.Bd3 b5 22.cxb6 Bxb6
23.Nc4 Ba7 24.Bf1 Bb7 25.Be5 Nc6 26.Bc3 Bc5 27.Nd6 Bxd6 28.Rxd6 Rad8 29.Rad1 Kf7
30.Bc4 Rxd6 31.Rxd6 Re7 32.f4 h6 33.h4 g6 34.Kf2 Nb8 35.Rb6 Nc6 36.Bxa6 Bxa6
37.Rxa6 Rc7 38.Ra8 Ne7 39.Rh8 Rc4 40.g3 Nd5 41.Rh7+ Kf8 42.Be5 Rc2+ 43.Kf3 h5
44.a4 Rc4 45.Ra7 Re4 46.a5 Ne3 47.Rc7 Ng4  1-0

[Event "ch-UZB Major w"]
[Site "Tashkent UZB"]
[Date "2011.05.23"]
[Round "3"]
[White "Tokhirjanova,H"]
[Black "Danierova,R"]
[Result "1-0"]
[WhiteElo "2106"]
[BlackElo "1894"]

1.e4 e6 2.d4 d5 3.Nd2 Nc6 4.Ngf3 Nf6 5.e5 Nd7 6.c3 f6 7.exf6 Qxf6 8.Be2 Bd6
9.Nf1 O-O 10.Be3 Ne7 11.Qd2 c6 12.Ng3 e5 13.dxe5 Nxe5 14.Nxe5 Bxe5 15.O-O Nf5
16.Bg5 Qf7 17.Bh5 Qc7 18.Rae1 h6 19.Be3 Nh4 20.Bc5 Bd7 21.Bxf8 Rxf8 22.Qe3 Bf6
23.Qd3 Qc8 24.Re2 Kh8 25.Rfe1 b6 26.Bg6 Bg5 27.Nh5 Rg8 28.f4 Bf6 29.Bf7 Rf8
30.Nxf6 gxf6 31.Be6 Bxe6 32.Rxe6 Rg8 33.Qh3 Rxg2+ 34.Qxg2  1-0

[Event "zt 2.5"]
[Site "Asuncion PAR"]
[Date "2011.05.24"]
[Round "9"]
[White "Pierrot,Fac"]
[Black "Rodriguez Vila,A"]
[Result "0-1"]
[WhiteElo "2449"]
[BlackElo "2527"]

1.e4 e6 2.d4 d5 3.Nd2 Nc6 4.Ngf3 Nf6 5.e5 Nd7 6.Nb3 a5 7.a4 b6 8.h4 h6 9.Bb5 Na7
10.Be2 c5 11.c3 Nc6 12.Be3 Ba6 13.Bxa6 Rxa6 14.h5 Ra7 15.Qe2 cxd4 16.cxd4 Qc8
17.Rc1 Rc7 18.O-O Be7 19.Nh2 O-O 20.Ng4 Re8 21.Rc3 Bb4 22.Rc2 Bf8 23.Rfc1 Qb7
24.Rc3 Rec8 25.Bd2 Kh8 26.Kh2 Nb4 27.Rf3 Rxc1 28.Nxc1 Nb8 29.Rg3 N8c6 30.Nxh6 gxh6
31.Qg4 Ne7 32.Ne2 Rc2 33.Be3 Nd3 34.Ng1 Nxf2 35.Qf3 Nf5 36.Bxf2 Nxg3 37.Bxg3 Rxb2
38.Bh4 Bg7 39.Bf6 Qc7 40.Nh3 Qc2 41.Qg3 Qh7 42.Nf4 Bxf6 43.exf6 Qg8 44.Ng6+ Kh7
45.Qc7 b5 46.Qe7 bxa4 47.Nf8+ Kh8 48.Ng6+ fxg6 49.f7  0-1

[Event "Zonal 3.3"]
[Site "Tagaytay City PHI"]
[Date "2011.05.24"]
[Round "1"]
[White "Paez,A"]
[Black "Goh Weiming"]
[Result "0-1"]
[WhiteElo "2146"]
[BlackElo "2424"]

1.e4 e6 2.d4 d5 3.Nd2 Be7 4.Ngf3 Nf6 5.Bd3 c5 6.e5 Nfd7 7.c3 b6 8.O-O Ba6
9.Bxa6 Nxa6 10.Qe2 Nc7 11.Ne1 b5 12.f4 g6 13.g4 h5 14.f5 hxg4 15.fxg6 fxg6
16.Qxg4 Nf8 17.Ndf3 Rh5 18.Nd3 c4 19.Nf4 Rf5 20.Nxg6 Nxg6 21.Qxg6+ Kd7 22.Qg7 Kc6
23.a4 bxa4 24.Rxa4 Rf8 25.Kh1 Qe8 26.Be3 Rf7 27.Qg2 Qh8 28.Rxc4+ Kd7 29.Ra4 Qh7
30.Raa1 Rg8 31.Qe2 Qe4 32.Rxa7 Kc8 33.Rxc7+ Kxc7 34.Qa6 Rc8 35.Qxe6 Rcf8
36.Qa6 Rxf3 37.Qa7+ Kc8 38.Qa6+ Kd8 39.Qa8+ Kd7 40.Qa4+ Ke6 41.Qc6+ Kf7 42.e6+ Kg8  0-1

[Event "ch-KAZ 2011"]
[Site "Astana KAZ"]
[Date "2011.05.25"]
[Round "10"]
[White "Erzhanov,A"]
[Black "Temirbayev,S"]
[Result "1/2-1/2"]
[WhiteElo "2301"]
[BlackElo "2407"]

1.e4 e6 2.d4 d5 3.Nd2 a6 4.Ngf3 c5 5.exd5 exd5 6.dxc5 Bxc5 7.Nb3 Bb6 8.Bg5 Nf6
9.Qe2+ Be6 10.Nfd4 Qe7 11.O-O-O Nc6 12.Nxe6 fxe6 13.g3 O-O 14.Bh3 Rae8 15.Rhe1 h6
16.Bxf6 Rxf6 17.f4 Kh8 18.Qh5 Rd8 19.Rd2 a5 20.Rde2  1/2-1/2

[Event "TCh-FRA Top 12 2011"]
[Site "Mulhouse FRA"]
[Date "2011.05.26"]
[Round "1.6"]
[White "Reinhart,E"]
[Black "Elbilia,J"]
[Result "1/2-1/2"]
[WhiteElo "2357"]
[BlackElo "2390"]

1.e4 e6 2.d4 d5 3.Nd2 Nc6 4.Ngf3 Nf6 5.e5 Nd7 6.c3 f6 7.Bb5 Be7 8.O-O O-O
9.Re1 fxe5 10.dxe5 a5 11.Nb3 Na7 12.Bd3 Qe8 13.c4 dxc4 14.Bxc4 Nb6 15.Bd3 a4
16.Nbd2 Nd5 17.Ne4 h6 18.Bc2 Bd7 19.Ng3 Bb5 20.Bb1 Nb4 21.Qd4 Qf7 22.Qg4 Nd3
23.Bxh6 Nxe1 24.Bg6 Nxf3+ 25.gxf3 gxh6 26.Bxf7+ Kxf7 27.Qh5+ Kg7 28.Kh1 Be8
29.Qg4+ Kh7 30.Qxe6 Nc6 31.Nf5 Rxf5 32.Qxf5+ Bg6 33.Qd7 Bh5 34.Qf5+ Bg6 35.Qd7 Bh5
36.Qf5+ Bg6 37.Qd7 Rd8 38.Qxc7 Bh5 39.Kg2 Rg8+ 40.Kf1  1/2-1/2

[Event "XX Guillermo Garcia Mem Elite"]
[Site "Santa Clara CUB"]
[Date "2011.05.26"]
[Round "4.2"]
[White "Quesada Perez,Ya"]
[Black "Borges Mateos,J"]
[Result "1/2-1/2"]
[WhiteElo "2401"]
[BlackElo "2451"]

1.e4 e6 2.d4 d5 3.Nd2 a6 4.Ngf3 Nf6 5.e5 Nfd7 6.Bd3 c5 7.c3 Nc6 8.O-O Qb6
9.dxc5 Bxc5 10.Qe2 Qc7 11.Nb3 Ba7 12.Re1 h6 13.h4 Bb8 14.Bf4 g5 15.hxg5 hxg5
16.Bg3 Qd8 17.Nbd4 g4 18.Nh2 Ndxe5 19.Nxg4 Nxg4 20.Qxg4 Qf6 21.Bxb8 Rxb8
22.Qg3 Qh4 23.Qxh4 Rxh4  1/2-1/2

[Event "Orlova Open"]
[Site "Orlova CZE"]
[Date "2011.05.27"]
[Round "7.7"]
[White "Kraus,F"]
[Black "Ganaus,H"]
[Result "0-1"]
[WhiteElo "2039"]
[BlackElo "2296"]

1.e4 e6 2.d4 d5 3.Nd2 a6 4.Ngf3 c5 5.c3 Nf6 6.e5 Nfd7 7.Bd3 Nc6 8.O-O g6
9.Re1 Bg7 10.a3 a5 11.Rb1 O-O 12.Nf1 f6 13.exf6 Qxf6 14.Qe2 e5 15.Bg5 Qd6
16.dxe5 Ndxe5 17.Nxe5 Nxe5 18.Rbd1 Bg4 19.f3 Bxf3 20.gxf3 Nxf3+  0-1

[Event "XXX Zalakaros Open"]
[Site "Zalakaros HUN"]
[Date "2011.05.27"]
[Round "8"]
[White "Vrchotka,J"]
[Black "Kabai,Z"]
[Result "1/2-1/2"]
[WhiteElo "2017"]
[BlackElo "2128"]

1.e4 e6 2.d4 d5 3.Nd2 a6 4.Ngf3 Nf6 5.Bd3 c5 6.dxc5 Bxc5 7.O-O Nc6 8.c3 Qc7
9.Qe2 Ba7 10.b3 d4 11.Bb2 dxc3 12.Bxc3 Qf4 13.Nc4 b5 14.Nce5 Nxe5 15.Bxe5  1/2-1/2

[Event "XXX Zalakaros Open"]
[Site "Zalakaros HUN"]
[Date "2011.05.27"]
[Round "8"]
[White "Konnyu,J"]
[Black "Fodor,T jr"]
[Result "0-1"]
[WhiteElo "2384"]
[BlackElo "2450"]

1.e4 e6 2.d4 d5 3.Nd2 Nc6 4.Ngf3 Nf6 5.e5 Nd7 6.c3 f6 7.Qa4 fxe5 8.Nxe5 Bd6
9.Ndf3 O-O 10.Bg5 Qe8 11.Bb5 Qh5 12.g4 Qe8 13.O-O-O Ncxe5 14.dxe5 c6 15.Be2 Nxe5
16.Nxe5 Bxe5 17.f4 Bd6 18.Rhf1 h6 19.Bh4 b5 20.Qd4 e5 21.fxe5 Rxf1 22.Rxf1 Qxe5
23.Qf2 Be6 24.Bg3 Qg5+ 25.Bf4 Bxf4+ 26.Qxf4 Qxf4+ 27.Rxf4 Rf8 28.Rxf8+ Kxf8
29.Kd2 Ke7 30.Ke3 Kf6 31.Kf4 g5+ 32.Ke3 c5 33.Bxb5 Bxg4 34.b4 cxb4 35.cxb4 Ke5
36.a4 d4+ 37.Kd2 Kd5 38.Bd3 Bd7 39.a5 h5 40.Ke2 Bg4+ 41.Kf2 Bc8 42.Kg2 h4
43.Kf2 g4 44.Kg2 Ke5 45.b5 Kf4 46.b6 axb6 47.axb6 Ke3  0-1

[Event "82nd ch-GER"]
[Site "Bonn GER"]
[Date "2011.05.28"]
[Round "3.16"]
[White "Poetsch,H"]
[Black "Svane,R"]
[Result "0-1"]
[WhiteElo "2424"]
[BlackElo "2297"]

1.e4 e6 2.d4 d5 3.Nd2 a6 4.Ngf3 Nf6 5.Bd3 c5 6.c3 Nc6 7.O-O cxd4 8.cxd4 dxe4
9.Nxe4 Be7 10.Nxf6+ Bxf6 11.Be3 O-O 12.Be4 Bd7 13.Rc1 Qa5 14.a3 Rac8 15.Rc5 Qc7
16.Ne5 Qd6 17.Nxd7 Qxd7 18.d5 exd5 19.Rxd5 Qc7 20.Rd7 Qe5 21.Qd3 Rcd8 22.Bxh7+ Kh8
23.Bc1 Rxd7 24.Qh3 Rfd8 25.Bf5+ Kg8 26.Bxd7 Nd4 27.Bg4 Ne2+ 28.Bxe2 Qxe2
29.Qb3 b5 30.Qe3 Qxe3 31.fxe3 Rc8 32.b4 Rc2 33.Rd1 Kf8 34.Kf1 Ke7 35.e4 Be5
36.h3 Ke6 37.Be3 Rc3 38.Bc5 Rxa3 39.Ke2 a5 40.bxa5 Rxa5 41.Rd8 Ra2+ 42.Kf3 Rc2
43.Re8+ Kf6 44.Rc8 Kg6 45.h4 Bd4 46.h5+ Kh7  0-1

[Event "Chicago Open"]
[Site "Wheeling USA"]
[Date "2011.05.28"]
[Round "4"]
[White "Hess,Ro"]
[Black "Bercys,S"]
[Result "1/2-1/2"]
[WhiteElo "2601"]
[BlackElo "2468"]

1.e4 e6 2.d4 d5 3.Nd2 Be7 4.Bd3 c5 5.dxc5 Nf6 6.Qe2 O-O 7.Ngf3 a5 8.O-O Na6
9.e5 Nd7 10.c4 Ndxc5 11.Bb1 Nc7 12.Rd1 b6 13.Ne4 Ba6 14.Nxc5 bxc5 15.Bd3 h6
16.Be3 Qc8 17.Bb1 Rd8 18.Qc2 g6 19.h4 dxc4 20.Rxd8+ Qxd8 21.h5 Bf8 22.hxg6 f5
23.exf6 Qxf6 24.g7 Qxg7 25.Bf4 Rd8 26.Be5 Qf7 27.Qe4 Rd1+ 28.Kh2 Qh5+ 29.Kg3 Rd7
30.Qg6+ Qxg6+ 31.Bxg6 Bg7 32.Bh5 Bxe5+ 33.Nxe5 Rd2 34.Rd1 Rxd1 35.Bxd1 Nd5
36.Bg4 Kg7 37.Nd7 c3 38.bxc3 Nxc3 39.Nxc5 Bc4 40.a4  1/2-1/2

[Event "TCh-FRA Top 12 2011"]
[Site "Mulhouse FRA"]
[Date "2011.05.29"]
[Round "4.4"]
[White "Jens,J"]
[Black "Wirig,A"]
[Result "1-0"]
[WhiteElo "2376"]
[BlackElo "2514"]

1.e4 e6 2.d4 d5 3.Nd2 Be7 4.e5 c5 5.c3 Nc6 6.Ndf3 Qa5 7.dxc5 Qc7 8.Bf4 Bxc5
9.Bd3 Nge7 10.Qe2 h6 11.h4 a6 12.Nh3 b5 13.O-O Bb7 14.Be3 Qb6 15.Bxc5 Qxc5
16.Nf4 d4 17.Rac1 dxc3 18.Rxc3 Qb4 19.Be4 Na5 20.Bxb7 Nxb7 21.g3 Rc8 22.Rxc8+ Nxc8
23.Rc1 Ne7 24.Rc7 Nd8 25.Qc2 Nf5 26.a3 Qa4 27.Qc5 Qe4 28.Kg2 g6 29.Rc8 Qb7
30.Rc7 Qe4 31.g4 Nxh4+ 32.Kf1 Qc4+  1-0

[Event "Orlova Open"]
[Site "Orlova CZE"]
[Date "2011.05.29"]
[Round "9.11"]
[White "Didi,J"]
[Black "Taus,M"]
[Result "0-1"]
[WhiteElo "2031"]
[BlackElo "2128"]

1.e4 e6 2.d4 d5 3.Nd2 Nc6 4.Ngf3 Nf6 5.Bd3 Nb4 6.O-O Nxd3 7.cxd3 c5 8.dxc5 Bxc5
9.d4 Be7 10.Qe2 O-O 11.Rd1 b6 12.e5 Nd7 13.Nf1 a5 14.Bf4 Ba6 15.Qe3 Rc8 16.Rac1 Rxc1
17.Rxc1 Qb8 18.Ng3 Rc8 19.h4 Rxc1+ 20.Qxc1 Qc8 21.Qxc8+ Bxc8 22.Kf1 Ba6+
23.Ke1 Bc4 24.a3 h6 25.Ne2 Nb8 26.g3 Nc6 27.Nc1 a4 28.Ne2 b5 29.Be3 b4 30.axb4 Nxb4
31.Nc1 Bd8 32.Bd2 Nc6 33.Bc3 Bb6 34.Kd2 Na7 35.Bb4 Nb5 36.Ke3 f6 37.Bc5 Bxc5
38.dxc5 Kf7 39.Nd3 Bxd3 40.Kxd3 Ke7 41.Nd4 Nxd4 42.Kxd4 fxe5+ 43.Kxe5 Kd7
44.g4 Kc6 45.Kd4 e5+ 46.Kxe5 Kxc5 47.f4 d4 48.Ke4 a3 49.bxa3 Kc4 50.f5 d3
51.g5 d2 52.gxh6 gxh6 53.f6 d1=Q 54.Ke5 Qd5+  0-1

[Event "Chicago Open"]
[Site "Wheeling USA"]
[Date "2011.05.29"]
[Round "6"]
[White "Naroditsky,D"]
[Black "Stopa,Ja"]
[Result "1/2-1/2"]
[WhiteElo "2472"]
[BlackElo "2460"]

1.e4 e6 2.d4 d5 3.Nd2 Be7 4.Ngf3 Nf6 5.e5 Nfd7 6.Bd3 c5 7.c3 Nc6 8.O-O g5
9.dxc5 g4 10.Nd4 Ndxe5 11.Bb5 Bd7 12.N2b3 h5 13.Re1 Ng6 14.Nxc6 bxc6 15.Bd3 Rg8
16.c4 Qc7 17.cxd5 cxd5 18.Bxg6 Rxg6 19.Qd4 f6 20.Bf4 e5 21.Qxd5 Qc6 22.Qd3 Kf7
23.Na5 Qc8 24.Nc4 Bf5 25.Nd6+ Bxd6 26.Qxd6 Rb8 27.b3 Rb7 28.c6 Rc7 29.Be3 Rxc6
30.Qa3 Qa6 31.Qxa6 Rxa6 32.Rec1 Rg7 33.a4 Kg6 34.b4  1/2-1/2

[Event "e2e4 Sunningdale Open"]
[Site "Ascot ENG"]
[Date "2011.05.30"]
[Round "7"]
[White "Eggleston,D"]
[Black "Redmond,J"]
[Result "1/2-1/2"]
[WhiteElo "2319"]
[BlackElo "2194"]

1.e4 e6 2.d4 d5 3.Nd2 Nc6 4.Ngf3 Nf6 5.e5 Nd7 6.Nb3 a5 7.Be3 a4 8.Nc1 Bb4+
9.Bd2 Be7 10.Nd3 Na5 11.h4 Nc4 12.Rh3 c5 13.c3 cxd4 14.cxd4 O-O 15.Nf4 Nxd2
16.Qxd2 f6 17.Nd3 fxe5 18.Ndxe5 Nxe5 19.Nxe5 a3 20.b3 Bf6 21.f4 Bd7 22.O-O-O Rc8+
23.Kb1 Bxe5 24.fxe5 Qb6 25.Bd3 Bb5 26.Bc2 Rf7 27.h5 Rfc7 28.Rc1 h6 29.g4 Be2
30.Rg3 Bb5 31.Ka1 Qa6 32.Kb1  1/2-1/2

[Event "3rd Orissa Open"]
[Site "Bhubaneswar IND"]
[Date "2011.05.30"]
[Round "4"]
[White "Venkatesh,M"]
[Black "Praveen Kumar,C1"]
[Result "1-0"]
[WhiteElo "2463"]
[BlackElo "2358"]

1.e4 e6 2.d4 d5 3.Nd2 Be7 4.Bd3 c5 5.dxc5 Nf6 6.Qe2 O-O 7.Ngf3 a5 8.O-O Na6
9.e5 Nd7 10.c4 Ndxc5 11.Bb1 Nb4 12.Rd1 b6 13.Nd4 dxc4 14.Nxc4 Ba6 15.a3 Nd5
16.Qc2 g6 17.Bh6 Rc8 18.Ba2 Re8 19.Rac1 a4 20.Qb1 Nb3 21.Bxb3 axb3 22.Nd2 Rxc1
23.Qxc1 Nf4 24.N2f3 Nd3 25.Qb1 Nc5 26.Nc6 Qc8 27.Nxe7+ Rxe7 28.Rd6 Bb7 29.Qc1 Rd7
30.Qc3 Rc7 31.Qd4 Bd5 32.h3 Ne4 33.Rxb6 Rc4 34.Qd3 Qc7 35.Rb4 Rxb4 36.axb4 Qb6
37.Qd4 Qa6 38.Kh2 Qb7 39.Ne1 Qe7 40.f3 Ng5 41.h4 Ne4 42.g3  1-0

[Event "29th Liechtenstein Open"]
[Site "Triesen LIE"]
[Date "2011.05.30"]
[Round "4.12"]
[White "Kessler,Mi"]
[Black "Kuhn,Th"]
[Result "0-1"]
[WhiteElo "2034"]
[BlackElo "2220"]

1.e4 e6 2.d4 d5 3.Nd2 Be7 4.e5 c5 5.Qg4 Kf8 6.dxc5 Nc6 7.Ngf3 h5 8.Qf4 g5
9.Qe3 Nh6 10.Nb3 Nf5 11.Qe2 g4 12.Nfd2 Qc7 13.f4 a5 14.a4 Nb4 15.Kd1 b6 16.c3 Ba6
17.Qf2 Bxf1 18.cxb6 Bd3 19.Ke1 d4 20.cxb4 Qxb6 21.bxa5 Qb4 22.h3 Bh4  0-1